00601nam a2200193Ia 4500008004100000041000800041082001900049100002300068245006600091260004700157300000800204365001100212650001400223650001400237650002600251942001200277999001900289952009900308140306s9999 xx 000 0 und d aeng a338.04bGAN/EN aGangadhara, Ravo N aEntreorenuship and growth of enterprise in industrial estates aNew DelhibDeep and Deep Publicationc1986 a452 bRs.275 aFinancing aMarketing aSocial stratification 2ddccBK c181621d181621 00102ddc4070aKAUCBVbKAUCBVg275.00l0o338.04 GAN/ENr2014-03-22 00:00:00w2014-03-22yBK